| 000 | 00805cam a2200229 4500 | ||
|---|---|---|---|
| 001 | WB3601-50 | ||
| 008 | 000000n1999 000 0 eng u | ||
| 035 | _a(Sirsi) u103431 | ||
| 245 | _aFew Scottish farms changing hands | ||
| 260 | _c1999 | ||
| 490 | _aFarmers Guardian | ||
| 520 | _aFPD Savills says that the number of farms and estates which have been sold in Scotland in 1999 is the lowest for a decade, despite the fall in farm incomes. There are regional variations, with 50% of the land up for sale being in the south-west or north-west. | ||
| 590 | _aWB | ||
| 650 | _aAGRICULTURAL MARKET | ||
| 650 | _aFARMLAND MARKET | ||
| 650 | _aAGRICULTURAL LAND PRICES | ||
| 650 | _aFARM LAND PRICES | ||
| 650 | _aFPD SAVILLS | ||
| 650 | _aSCOTLAND | ||
| 690 | _aRURAL PRACTICE | ||
| 942 | _n0 | ||
| 999 |
_c62145 _d62145 |
||